000 00274nam a22001337a 4500
008 170719b xxu||||| |||| 00| 0 eng d
020 _a0397312121
041 _aeng
080 _a2
100 _a24
101 _aTEO
245 _aRELIGIONS
_cHASKINS, J
942 _2udc
_cBK
999 _c21518
_d21518